<?xml version="1.0" encoding="UTF-8"?>
<marc:record xmlns:marc="http://www.loc.gov/MARC21/slim">
   <marc:leader>00000nam a2200000 a 4500</marc:leader>
   <marc:datafield ind1="1" ind2=" " tag="100">
      <marc:subfield code="a">Tappe, Holger [Regie]</marc:subfield>
      <marc:subfield code="4">aut</marc:subfield>
      <marc:subfield code="e">Verfasser/-in</marc:subfield>
   </marc:datafield>
   <marc:datafield ind1="1" ind2=" " tag="100">
      <marc:subfield code="a">Kalkofe, Oliver</marc:subfield>
   </marc:datafield>
   <marc:datafield ind1="1" ind2=" " tag="100">
      <marc:subfield code="a">Kerkeling, Hape</marc:subfield>
   </marc:datafield>
   <marc:datafield ind1=" " ind2=" " tag="653">
      <marc:subfield code="a">Familie</marc:subfield>
   </marc:datafield>
   <marc:datafield ind1=" " ind2=" " tag="653">
      <marc:subfield code="a">Monster</marc:subfield>
   </marc:datafield>
   <marc:datafield ind1=" " ind2=" " tag="653">
      <marc:subfield code="a">Animationsfilm</marc:subfield>
   </marc:datafield>
   <marc:datafield ind1="0" ind2="0" tag="245">
      <marc:subfield code="a">Happy Family 2</marc:subfield>
   </marc:datafield>
   <marc:datafield ind1="0" ind2="0" tag="245">
      <marc:subfield code="c">Regie: Holger Tappe. Mit den Stimmen von Hape Kerkeling und Oliver Kalkofe</marc:subfield>
   </marc:datafield>
   <marc:datafield ind1=" " ind2="1" tag="264">
      <marc:subfield code="a">Hamburg</marc:subfield>
      <marc:subfield code="b">Warner  Bros</marc:subfield>
      <marc:subfield code="c">2022</marc:subfield>
   </marc:datafield>
   <marc:datafield ind1="1" ind2=" " tag="520">
      <marc:subfield code="a">Ein Jahr nach ihrem Abenteuer als Monstertruppe gehen die Wünschmanns wieder ihrem Leben als ganz normale Familie nach Streitereien, Stress und alltäglicher Familienwahnsinn inklusive! Die überraschende Bekanntschaft mit Mila Starr markiert jedoch den Anfang eines neuen Abenteuers, das alle Probleme verblassen lässt. Als die kampferprobte Mini-Agentin unerwartet auf der Hochzeit von Baba Yaga und Renfield auftaucht und das Paar entführt, bleibt den Wünschmanns nur eine Option, um zu helfen: Sie müssen sich erneut in ihre monstermäßigen Alter Egos verwandeln. Als Mumie, Werwolf, Vampir und Frankensteins Monster verfolgen sie Mila über den gesamten Globus, um sie daran zu hindern, weitere mystische Kreaturen von der Bildfläche verschwinden zu lassen. Doch Milas Monsterjagd ist nur ein Puzzlestück eines ausgeklügelten Plans, bei dem ihre Eltern Marly und Maddox als fiese Strippenzieher agieren.</marc:subfield>
   </marc:datafield>
   <marc:datafield ind1=" " ind2=" " tag="020">
      <marc:subfield code="a">5051890328977</marc:subfield>
      <marc:subfield code="9">5051890328977</marc:subfield>
   </marc:datafield>
   <marc:datafield ind1="0" ind2=" " tag="490">
      <marc:subfield code="v">0</marc:subfield>
   </marc:datafield>
   <marc:datafield ind1=" " ind2=" " tag="300">
      <marc:subfield code="a">1 DVD : 99 Min.</marc:subfield>
   </marc:datafield>
</marc:record>
